Statistics for Jim Morrison

Click here to take the quiz!

General Stats

  • This quiz has been taken 95 times
  • The average score is 12 of 20

Answer Stats

HintAnswer% Correct
Year he was born1943
90%
Age at which he died27
90%
City where he diedParis
87%
The band they co-foundedThe Doors
85%
12 minute Freudian epic he wroteThe End
80%
Complete the quote:I am the {Lizard King}. I can do anything.
76%
Fellow band member he met at this universityRay Manzarek
76%
Actor who portrayed him in filmVal Kilmer
75%
Last The Doors album he helped createL.A. Woman
73%
University he attendedUCLA
61%
Middle nameDouglas
51%
No. 1 single written solely by MorrisonHello, I Love You
51%
German existentialist philosopher who most influenced MorrisonFriedrich Nietzsche
46%
The Doors studio album in which he appeared posthumouslyAn American Prayer
45%
His father's occupationNaval Officer
45%
Cemetery in which he is buriedPère Lachaise
45%
His anti-war songThe Unknown Soldier
45%
Infamous concert during which he was arrestedNew Haven
44%
His girlfriendPamela Courson
38%
City he was born inMelbourne, Florida
31%

Score Distribution

Percentile by Number Answered

Percent of People with Each Score

Your Score History

You have not taken this quiz